| 000 | 01269nam a22003737a 4500 | ||
|---|---|---|---|
| 003 | CHAP | ||
| 005 | 20220817044256.0 | ||
| 008 | 090623s2008 it a rn 00010 eng d | ||
| 010 | _a96409 | ||
| 011 | _a97381 | ||
| 020 | _a9789251060643 | ||
| 035 | _a108047 | ||
| 040 | _cCHAP | ||
| 082 | 0 | 4 |
_a639.2 _bF3y v.515 |
| 110 | 2 | _aFAO | |
| 245 | 1 | 0 |
_aTowards integrated assessment and advice in small-scale fisheries : _bprinciples and processes _c/by Serge M. Garcia ...[et al.] |
| 260 |
_aRome : _bFAO, _c2008 |
||
| 300 |
_axiv, 84 p. : _bilus. |
||
| 490 | 0 |
_aFAO. Pesca y la acuicultura documento técnico _v; 515 |
|
| 590 |
_aBATCH-UPD _b10 _c20130110 _lUCH01 _h0934 |
||
| 590 |
_aBATCH-UPD _b10 _c20130410 _lUCH01 _h0552 |
||
| 590 |
_aBATCH-UPD _b10 _c20130914 _lUCH01 _h1152 |
||
| 590 |
_aCONVERSION _b10 _c20130109 _lUCH01 _h1353 |
||
| 650 | 1 | 4 |
_aAdministracion pesquera. _9933 |
| 650 | 1 | 4 | _aDesarrollo económico. |
| 650 | 1 | 4 |
_aPesca artesanal. _987431 |
| 650 | 1 | 4 |
_aPolítica pesquera. _990684 |
| 700 | 1 |
_aGarcía, Serge M. _946814 |
|
| 830 | 0 |
_aFAO. Pesca y la acuicultura documento técnico _v; 515 _939646 |
|
| 901 | _aBK | ||
| 911 | _aen proceso | ||
| 942 | _cLIBRO | ||
| 949 |
_a639.2 F3y v.515 _bBC _cFAO _d33724002098363 _eFAO1 _gDonaciØn _h110709 _i108047 _sb |
||
| 999 |
_c96409 _d96409 |
||